| 000 | 00549cam3a220019300 4500 | ||
|---|---|---|---|
| 001 | tmp15696273 | ||
| 003 | UPRA | ||
| 005 | 20190826094521.0 | ||
| 008 | 951005s1967 enk eng u | ||
| 035 | _a(Sirsi) r60159 | ||
| 035 | _a(UPRA)tmp15696273 | ||
| 040 | _cUPRA | ||
| 100 | 1 |
_aKay, Francis Xavier. _6A19572.1 |
|
| 245 | 1 | 0 | _aPneumatic circuit ready reckoner. |
| 260 |
_aBrighton [England] : _bMachinery Pub. Co., _c[1967] |
||
| 650 | 0 |
_aPneumatic control. _6S13984.1 |
|
| 949 |
_aTJ950 _wlcc _i-78985 _mMAIN _tBOOK _lON-SHELF |
||
| 004 | 60159 | ||
| 999 |
_c160521 _d160521 |
||